000 00741nam a2200289Ia 4500
005 20260324145308.0
008 008 260324s9999 xx 000 0 eng d
020 _a9781315301679
037 _aEBOOK
040 _aCRL
040 _beng
040 _cCRL
041 _2eng
041 _aeng
084 _qCRL
100 _aJohn Gandy; Alex Robertson; Susan Sinclair
_91222466
245 0 _aImproving Social Intervention
245 0 _bChanging Social Policy and Social Work Practice through Research
260 _bTaylor and Francis
260 _c1983
365 _a
365 _b205
856 _uhttp://www.taylorfrancis.com/books/9781315301679
942 _cEBOOK
999 _c1830159
_d1830159